LIBRARY & INFORMATION CENTRE, KCAET, TAVANUR

ONLINE PUBLIC ACCESS CATALOGUE (OPAC)

Basic electrical engineering / (Record no. 10256)

MARC details
000 -LEADER
fixed length control field 00488cam a2200193ua 4500
041 ## - LANGUAGE CODE
Language code of text/sound track or separate title eng
082 ## - DEWEY DECIMAL CLASSIFICATION NUMBER
Classification number 621.3
Item number FIT/BA
100 ## - MAIN ENTRY--AUTHOR NAME
Personal name Fitzgerald, .
245 ## - TITLE STATEMENT
Title Basic electrical engineering /
250 ## - EDITION STATEMENT
Edition statement 1 /
260 ## - PUBLICATION, DISTRIBUTION, ETC. (IMPRINT)
Place of publication New York :
Name of publisher McGraw Hill Book Company ,
Year of publication 1957.
300 ## - PHYSICAL DESCRIPTION
Number of Pages 540 ; .
700 1# - ADDED ENTRY--PERSONAL NAME
Personal name Higginbotham, David E .
942 ## - ADDED ENTRY ELEMENTS (KOHA)
Koha item type Books
Holdings
Withdrawn status Lost status Damaged status Home library Current library Date acquired Full call number Accession Number Koha item type
      KAUAET KAUAET 07/04/2012 621.3 2505 Books
free website counter